Statistics for World of Warcraft iconic weapons

Click here to take the quiz!

General Stats

  • This quiz has been taken 157 times
    (153 since last reset)
  • The average score is 6 of 10

Answer Stats

WielderWeapon% Correct
Lich KingFrostmourne
97%
Tirion FordringAshbringer
92%
ThrallDoomhammer
83%
IllidanTwin blades of Azzinoth
77%
Grom/GarroshGorehowl
72%
Khadgar/MedivhAtiesh, the greatstaff of the Guardian
68%
Varian WrynnShalamayne
52%
Did somebody say...?Thunderfury, blessed blade of the windseeker
52%
Broxigar (Only known weapon to hurt Sargeras)Axe of Cenarius
27%
Arthas Menethil (Paladin)Light's Vengeance
17%

Score Distribution

Percentile by Number Answered

Percent of People with Each Score

Your Score History

You have not taken this quiz since the last reset